00611cam a2200229 a 4500001000800000005001700008008004100025010001700066020001500083040001800098041000800116060001600124080001900140082002300159100000600182101000800188245006000196504005100256906004500307942001200352999001700364137081420180216065808.0810817r1982 mdua b 001 0 eng  a 81012734  a0894433989 aDLCcDLCdDLC aeng aWT 100 A264 a362.19897 wel00a362.19897 wel219 a4 ashm00aAging and health promotion /c[edited by] Thelma Wells. aIncludes bibliographical references and index. a7bcbccorignewd1eocipf19gy-gencatlg 2ddccBK c42787d42787